01489nab a22002537a 4500999001500000003000400015005001700019008004100036040000700077100003100084245012900115260007300244300001300317500003700330505048800367505008200855650002300937650002400960650002900984650002701013650002701040773015501067942001301222 c5555d5555OSt20251218075720.0190429b xxu||||| |||| 00| 0 spa d cPJ 96451aSwinnen, Jérémie10aJuicio en ausencia en Argentina : bnueva ley y su impacto en la Justicia nacional e internacional /cJérémie Swinnen. cCiudad Autónoma de Buenos Aires :aThomson Reuters La Ley, b2025. ap. 53-63 aCita: TR LALEY AR/DOC/406/2025  aSumario: I. Introducción.— II. Algunas reflexiones iniciales.— III. Legislación comparada sobre el juicio en ausencia.— IV. Tribunales internacionales: la experiencia en los procesos penales internacionales.— V. Otros tribunales penales internacionales: Tribunales Penales Ad-Hoc y Tribunales Penales Mixtos.— VI. Tribunal Europeo de Derechos Humanos y las garantías de un juicio en ausencia.— VII. Diferentes enfoques con objetivos comunes.— VIII. Conclusión. tSi te interesa el texto completo, solicitalo a koha@justierradelfuego.gov.ar  09343aDERECHO PENAL 092348aPROCESO PENAL 096534aJUICIO EN AUSENCIA 09586aDEFENSA EN JUICIO 093088aJUICIO ABREVIADO0 0265893164tRevista de derecho penal y criminología. Nº 3 - Abril 2025dCiudad Autónoma de Buenos Aires : Thomson Reuters La Ley, 2017-x00347914 2udccANA